Normal view
MARC view
Entry Topical Term
001 - CONTROL NUMBER
- control field: 40199
003 - CONTROL NUMBER IDENTIFIER
- control field: ARRUPE
005 - DATE AND TIME OF LATEST TRANSACTION
- control field: 20180302123302.0
008 - FIXED-LENGTH DATA ELEMENTS
- fixed length control field: 180302|| aca||aabn | a|a d
040 ## - CATALOGING SOURCE
- Original cataloging agency: ARRUPE
- Transcribing agency: ARRUPE
150 ## - HEADING--TOPICAL TERM
- Topical term or geographic name as entry element: Jameson's raid
670 ## - SOURCE DATA FOUND
- Source citation: Work cat.: (ARRUPE)31076: Hole, Hugh Marshall 40197, The Jameson raid /, 1973